|
|
|
|
| LEADER |
01268nam a2200337Ia 4500 |
| 001 |
AAL5868 |
| 003 |
BD-DhAAL |
| 005 |
20160210172000.0 |
| 008 |
150208s1993 enka b 001 0 eng d |
| 010 |
|
|
|a gb 94030651
|
| 020 |
|
|
|a 0194371948
|
| 040 |
|
|
|a TEU
|c TEU
|d FCU
|d UKM
|d CBC
|d OCL
|d BOS
|d EQF
|d BD-DhAAL
|
| 082 |
0 |
4 |
|a 420.71
|2 20
|
| 090 |
|
|
|a P53.45
|b .T66 1993
|
| 999 |
|
|
|c 33616
|d 33616
|
| 999 |
|
|
|c 33616
|
| 100 |
1 |
|
|a Tomalin, Barry,
|d 1942-
|9 8091
|
| 245 |
1 |
0 |
|a Cultural awareness /
|c Barry Tomalin & Susan Stempleski.
|
| 260 |
|
|
|a Oxford ;
|a New York :
|b Oxford University Press,
|c 1993.
|
| 300 |
|
|
|a 160 p. :
|b ill. ;
|c 25 cm.
|
| 440 |
|
0 |
|a Resource books for teachers.
|9 8092
|
| 490 |
|
|
|a Oxford English.
|
| 504 |
|
|
|a Includes bibliographical references (p. 152-154) and index.
|
| 541 |
|
|
|e 5868
|
| 650 |
|
0 |
|a English language
|x Study and teaching
|x Foreign speakers.
|9 5754
|
| 650 |
|
0 |
|a Intercultural communication
|x Curricula.
|9 8093
|
| 650 |
|
0 |
|a Intercultural communication
|x Study and teaching.
|9 8094
|
| 700 |
1 |
|
|a Stempleski, Susan.
|9 8095
|
| 907 |
|
|
|a .b14173645
|
| 942 |
|
|
|2 ddc
|c BK
|
| 952 |
|
|
|0 0
|1 0
|2 ddc
|4 0
|6 420_710000000000000_TOM
|7 0
|9 52507
|a SCL
|b SCL
|c GEN
|d 2015-02-08
|e Gift: The British Council
|l 0
|o 420.71 TOM
|p 3020005868
|r 2015-02-08
|t 1
|w 2015-02-08
|y BK
|